National Federation of Builders (Record no. 111176)

MARC details
000 -LEADER
fixed length control field 00738cad a22002055a 4500
001 - CONTROL NUMBER
control field LENQ00000011
008 - FIXED-LENGTH DATA ELEMENTS--GENERAL INFORMATION
fixed length control field 101004s2010 xxk f 000 0 eng d
035 ## - SYSTEM CONTROL NUMBER
System control number (Sirsi) u151126
041 0# - LANGUAGE CODE
Language code of text/sound track or separate title eng
050 04 - LIBRARY OF CONGRESS CALL NUMBER
Classification number 692.5 $2 18
110 2# - MAIN ENTRY--CORPORATE NAME
Corporate name or jurisdiction name as entry element National Federation of Builders
9 (RLIN) 4086
245 00 - TITLE STATEMENT
Title National Federation of Builders
Medium [electronic resource]
260 ## - PUBLICATION, DISTRIBUTION, ETC.
Place of publication, distribution, etc. Crawley
Name of publisher, distributor, etc. NFB
Date of publication, distribution, etc. 2010
520 ## - SUMMARY, ETC.
Summary, etc. The website for the National Federation of Builders (NFB) includes an archive of their Press Releases.
590 ## - LOCAL NOTE (RLIN)
Local note KA NTK
651 #4 - SUBJECT ADDED ENTRY--GEOGRAPHIC NAME
Geographic name ENGLAND AND WALES
690 ## - LOCAL SUBJECT ADDED ENTRY--TOPICAL TERM (OCLC, RLIN)
Topical term or geographic name as entry element BUILT ENVIRONMENT-CONSTRUCTION MARKET
856 48 - ELECTRONIC LOCATION AND ACCESS
Uniform Resource Identifier <a href="https://www.builders.org.uk/nfb09/home.eb">https://www.builders.org.uk/nfb09/home.eb</a>
Public note View the website free of charge at www.builders.org.uk
942 ## - ADDED ENTRY ELEMENTS (KOHA)
Suppress in OPAC 0
Holdings
Withdrawn status Lost status Source of classification or shelving scheme Damaged status Not for loan Home library Current library Shelving location Date acquired Total Checkouts Full call number Barcode Date last seen Copy number Price effective from Koha item type
    Dewey Decimal Classification     Virtual Virtual Online 04/10/2010   WEBSITE 151126-2001 06/08/2019 1 06/08/2019 Online material